|
|
|
|
| LEADER |
00758ncm a22002292a 4500 |
| 001 |
000618898 |
| 003 |
CZ BrMZK |
| 005 |
20100817083627.0 |
| 007 |
qu |
| 008 |
020826s1944 xr f cze d |
| 040 |
|
|
|a BOA001
|b cze
|c BOA001
|
| 072 |
|
7 |
|a 784
|x Vokální hudba
|2 Konspekt
|9 9
|
| 100 |
1 |
|
|a Malý, Vilém,
|d 1903-
|7 jk01073370
|4 cmp
|
| 245 |
1 |
0 |
|a Já to s tebou zkusím
|h [hudebnina] :
|b lidová polka /
|c Václav malý ; slova J. Mužík
|
| 260 |
|
|
|a Praha :
|b Melantrich,
|c 1944
|
| 300 |
|
|
|a 1 sv. (nestránkován)
|
| 500 |
|
|
|a Zpěv
|
| 700 |
1 |
|
|a Mužík, Josef
|7 jx20090907046
|4 lyr
|
| 910 |
|
|
|a BOA001
|b Mus1-0589.785
|
| 990 |
|
|
|a MU
|
| 991 |
|
|
|b 200911
|
| 996 |
6 |
|
|b 2619690638
|c Mus1-0589.785
|l MZK
|r Sklad / do 1 hodiny
|n 1
|w 000618898
|u 000010
|a 1
|e BOA001
|j MZK50
|s P
|